000 00780nam a2200205 i 4500
001 169824
003 ES-MaACL
005 20250827062638.0
008 081203s2007 sp |||| | spa d
080 _a351.84(460)"2006"(094.5)
110 1 _aEspaña
_93622
240 1 0 _aLey del estatuto de la ciudadanía española en el exterior.
_f2006
245 1 0 _aEstatuto de la ciudadanía española en el exterior.
250 _aEdición de bolsillo.
260 _aMadrid :
_bMinisterio de Trabajo y Asuntos Sociales, Subdirección General de Información Administrativa y Publicaciones:,
_c[2007]
300 _a48 p. ;
_c17 cm.
650 4 _aEspañoles-
_zPaíses extranjeros-
_xEstatuto jurídico.
_9138987
852 _aES-MaACL
_j2239-F-15
_9R.142840
999 _c169824
_d169824